00382nam a2200169Ia 4500008004100000041001200041082001600053100001600069245002300085365000700108520001300115546001200128630002300140650001300163655001300176730002300189101110s9999 xx 000 0 und d aENGLISH bSR4280a657 aTondon B.N. aPractical Auditing b11 aCommerce aENGLISH aPractical Auditing aCommerce aCommerce aPractical Auditing